000 00322nam a22001337a 4500
008 170912b xxu||||| |||| 00| 0 eng d
020 _a9780465023677
041 _aeng
080 _a53
100 _a43
101 _aFIZ
245 _aFEAR OF PHYSICS A GUIDE FOR THE PERPLEXED
_cKRAUSS.L.M
942 _2udc
_cBK
999 _c27290
_d27290